Central Library OPAC University of Rajshahi

Night must end / (Record no. 17893)

MARC details
000 -LEADER
fixed length control field 00660cam a2200229u 4500
001 - CONTROL NUMBER
control field 17893
003 - CONTROL NUMBER IDENTIFIER
rucl marc code BD-RjUL
005 - DATE AND TIME OF LATEST TRANSACTION
control field 20211209000216.0
008 - FIXED-LENGTH DATA ELEMENTS--GENERAL INFORMATION
fixed length control field 140227s1938 mau 000 1 eng d
035 ## - SYSTEM CONTROL NUMBER
System control number (BD-RjUL)17951
040 ## - CATALOGING SOURCE
Original cataloging agency DLC
Transcribing agency CarP
Modifying agency DLC
-- BD-RjUL
Language of cataloging eng
041 ## - LANGUAGE CODE
Language code of text/sound track or separate title eng
082 00 - DEWEY DECIMAL CLASSIFICATION NUMBER
Classification number 813.5
Author mark and year PRN 1938
100 1# - MAIN ENTRY--PERSONAL NAME
Personal name Price, Margaret Evans,
Dates associated with a name 1888-1973.
9 (RLIN) 55213
245 10 - TITLE STATEMENT
Title Night must end /
Statement of responsibility, etc. Margaret Evans, Price,
260 ## - PUBLICATION, DISTRIBUTION, ETC. (IMPRINT)
Place of publication, distribution, etc. Boston,
Name of publisher, distributor, etc. Little, Brown and company,
Date of publication, distribution, etc. 1938.
300 ## - PHYSICAL DESCRIPTION
Pagination 4 p.l., [3]-322 p. ;
Size 20 cm.
650 #0 - SUBJECT ADDED ENTRY--TOPICAL TERM
Topical term or geographic name as entry element Night -- Juvenile fiction.
9 (RLIN) 55214
942 ## - ADDED ENTRY ELEMENTS (KOHA)
Source of classification or shelving scheme Dewey Decimal Classification
Koha item type Books
Holdings
Lost status Source of classification or shelving scheme Damaged status Not for loan Collection code Permanent Location Current Location Shelving location Date acquired Total Checkouts Full call number Date last seen Copy number Koha item type
  Dewey Decimal Classification   Not For Loan Fiction Central Library, University of Rajshahi Central Library, University of Rajshahi Reading Room 19/02/2014   813.5 PRN 1938 19/02/2014 C-1 Books